000 00615nam a2200181Ia 4500
008 151018s9999 xx 000 0 und d
082 _bRBASDV18116
_a891.463
100 _aवि आ बुवा
245 _aखटयाळ काळजात घुसली
250 _b1
260 _bगुलमोहर प्रकाशन सातारा
_c1984
300 _a202
600 _aवि आ बुवा
630 _aखटयाळ काळजात घुसली
700 _aवि आ बुवा
730 _aखटयाळ काळजात घुसली
942 _cBOOK
999 _c1018780
_d1018777